| 000 | 00828 a2200229 4500 | ||
|---|---|---|---|
| 001 | 62867 | ||
| 005 | 20260407155923.0 | ||
| 008 | 260407a1991 arg spa d | ||
| 003 | AR-UNSa-BCEJYS | ||
| 040 |
_aAR-UNSa-BCEJYS _bspa _cAR-UNSa-BCEJYS |
||
| 080 |
_a352 _xNiveles inferiores de la administración. Gobierno local. Administración municipal. Autoridades locales |
||
| 245 | 1 | 0 |
_aReforma del estado _pPropiedad pública, gestión privada y descentralización de servicios |
| 020 | _a978-950-556-284-8 | ||
| 250 | _a2a. ed. | ||
| 264 | 1 |
_aBuenos Aires : _bGalerna _c1991 |
|
| 300 |
_a189 p. _c20 cm. |
||
| 505 | _a1. Una brece caracterización de la municipalidad de la ciudad de Buenos Aires - 2. | ||
| 041 | _aspa | ||
| 942 | _cBK | ||
| 590 | _aniveau_biblio:m niveau_hierar:0 | ||
| 100 | 1 | _aFelcman, Isidoro Luis | |
| 999 |
_c7862 _d7862 |
||